Apple babana cherry / (Record no. 9079)

MARC details
000 -LEADER
fixed length control field 00947nam a22003017a 4500
001 - CONTROL NUMBER
control field 9079
003 - CONTROL NUMBER IDENTIFIER
control field FISKH
005 - DATE AND TIME OF LATEST TRANSACTION
control field 20251119084813.0
008 - FIXED-LENGTH DATA ELEMENTS--GENERAL INFORMATION
fixed length control field 251119b cb ||||| |||| 00| 0 eng d
020 ## - INTERNATIONAL STANDARD BOOK NUMBER
International Standard Book Number 0439519160
040 ## - CATALOGING SOURCE
Original cataloging agency FISKH
Language of cataloging eng
Transcribing agency FISKH
Modifying agency FISKH
050 ## - LIBRARY OF CONGRESS CALL NUMBER
Classification number PR9639.C644 A
082 ## - DEWEY DECIMAL CLASSIFICATION NUMBER
Classification number 421.1
100 ## - MAIN ENTRY--PERSONAL NAME
Personal name Cowley, Joy
245 ## - TITLE STATEMENT
Title Apple babana cherry /
Statement of responsibility, etc. written by Joy Cowley : illustrated by Elizabeth Fuller
250 ## - EDITION STATEMENT
Edition statement First Scholastic Club printing , December 2002
260 ## - PUBLICATION, DISTRIBUTION, ETC.
Place of publication, distribution, etc. New York :
Name of publisher, distributor, etc. Scholastic ,
Date of publication, distribution, etc. 2000.
300 ## - PHYSICAL DESCRIPTION
Extent 32 pages :
Other physical details color illustrations ;
Dimensions 27 cm .
505 ## - FORMATTED CONTENTS NOTE
Formatted contents note J <br/>
520 ## - SUMMARY, ETC.
Summary, etc. Read-aloud rhymes make learning the alphabet so much fun for young readers.
521 8# - TARGET AUDIENCE NOTE
Target audience note 490 <br/><br/>
Source Lexile AD <br/>
521 8# - TARGET AUDIENCE NOTE
Target audience note J <br/>
Source Raz-Plus <br/>
650 ## - SUBJECT ADDED ENTRY--TOPICAL TERM
Topical term or geographic name entry element Alphabets
Form subdivision Picture Book
650 ## - SUBJECT ADDED ENTRY--TOPICAL TERM
Topical term or geographic name entry element Food
Form subdivision Picture Book
700 ## - ADDED ENTRY--PERSONAL NAME
Personal name Fuller, Elizabeth
Relator term Illustrator
942 ## - ADDED ENTRY ELEMENTS (KOHA)
Source of classification or shelving scheme Dewey Decimal Classification
Koha item type Books
Suppress in OPAC No
Holdings
Withdrawn status Lost status Source of classification or shelving scheme Damaged status Not for loan Collection Home library Current library Shelving location Date acquired Total Checkouts Full call number Barcode Date last seen Price effective from Koha item type
    Dewey Decimal Classification     Juvenile Fiction Footprints International School Library Network Toul Tom Poung Campus Footprints International School Library Network Toul Tom Poung Campus TTP Primary Dark Blue Bookshelves 11/19/2025   COW 421.1 PR9639.C644 A 2025-4817 11/19/2025 11/19/2025 Books